All F1 Grand Prix's With a Map - Statistics

General Stats
  • This quiz has been taken 22 times
  • The average score is 15 of 24
Answers on the Map
Answers color-coded by a green-red scale on the quiz's map according to % correct below.
 
Answer Stats
Answer % Correct
Las Vegas
95%
Mexico City
95%
Miami
95%
Monza
84%
Baku
79%
Montreal
79%
Bahrain
74%
Barcelona
74%
Monaco
74%
Jeddah
68%
Silverstone
68%
Interlagos
63%
Spa
63%
Imola
58%
Shanghai
53%
Suzuka
47%
Albert Park
42%
COTA
42%
Hungaroring
42%
Red Bull Ring
42%
Zandvoort
42%
Lusail
37%
Marina Bay
37%
Yas Marina
37%
No matching quizzes found
Score Distribution
Percent of People with Each Score
Percentile by Number Answered
Your Score History
You have not taken this quiz